zpět

Detail výsledku týmu

Forrum, Brno

Datum a čas kvízu

32.5 Celkem bodů Celkový počet nahraných bodů na tomto kvízu bez doplňovacích otázek.
3. Pořadí na kvízu Konečné umístění týmu na tomto kvízu.

Zaznamenané odpovědi

# Otázka Odpověď Body Výsledky
1. Desítky Čechů o víkendu uvázly... v Barceloně 0
2. Jednadevadesátiletý mediální m... Rupert Murdoch 1
3. Ve čtvrtek měl premiéru nový f... Anna Geislerová, Ondřej Vetchý 1
4. Bankovní rada České národní ba... 7 % 1
5. Fotbalové Slovácko má nečekano... Libor Kozák 0
6. Pokud jste podle názvu očekáva... Srní 0
7. Tato socha zobrazuje bájnou ka... Romulus a Remus 1
8. Od mytologie se přesuneme k fi... Martin Scorsese 0
9. Stepní vlk (v originále Der St... Hermann Hesse 0
10. Vlčí tematiku zakončíme v říši... vlčí bob 1